书目信息 |
| 题名: |
电磁波传播的抛物方程方法
|
|
| 作者: | 利维 著 ;王红光 译 | |
| 分册: | ||
| 出版信息: | 北京 电子工业出版社 2017.07 |
|
| 页数: | 252页 | |
| 开本: | 26cm | |
| 丛书名: | 高端科技专著丛书 | |
| 单 册: | ||
| 中图分类: | O451 | |
| 科图分类: | ||
| 主题词: | 电磁波传播--抛物型方程 | |
| 电子资源: | ||
| ISBN: | 978-7-121-31701-9 | |
| 000 | 01195oam2 2200265 450 | |
| 001 | 4217 | |
| 005 | 20181010150523.37 | |
| 010 | @a978-7-121-31701-9@dCNY69.00 | |
| 100 | @a20170905d2017 em y0chiy50 ea | |
| 101 | 1 | @achi@ceng |
| 102 | @aCN@b110000 | |
| 105 | @aa z 000yy | |
| 200 | 1 | @a电磁波传播的抛物方程方法@9dian ci bo chuan bo de pao wu fang cheng fang fa@dParabolic equation methods for electromagnetic wave propagation@fMireille Levy著@g王红光[等]译@zeng |
| 210 | @a北京@c电子工业出版社@d2017.07 | |
| 215 | @a252页@c图@d26cm | |
| 225 | 1 | @a高端科技专著丛书 |
| 330 | @a本书是第一本关于电磁波传播抛物方程方法的专著。书中首先给出了抛物方程模型的数学原理,然后描述了抛物方程的基本算法,接着是关于一些较高级的主题,包括域截断、阻抗边界的处理和联合射线追踪与抛物方程的混合模型,后三章关于散射问题,应用于城区环境电波传播和雷达目标后向散射计算。 | |
| 461 | 0 | @12001 @a高端科技专著丛书 |
| 510 | 1 | @aParabolic equation methods for electromagnetic wave propagation@zeng |
| 606 | 0 | @a电磁波传播@x抛物型方程 |
| 690 | @aO451@v5 | |
| 701 | 0 | @a利维@9li wei@c(Levy, Mireille)@4著 |
| 702 | 0 | @a王红光@9wang hong guang@4译 |
| 801 | 0 | @aCN@b91MARC@c20170905 |
| 905 | @aMuseLib@dO451@e6 | |
| 电磁波传播的抛物方程方法=Parabolic equation methods for electromagnetic wave propagation/Mireille Levy著/王红光[等]译.-北京:电子工业出版社,2017.07 |
| 252页:图;26cm.-(高端科技专著丛书) |
| ISBN 978-7-121-31701-9:CNY69.00 |
| 本书是第一本关于电磁波传播抛物方程方法的专著。书中首先给出了抛物方程模型的数学原理,然后描述了抛物方程的基本算法,接着是关于一些较高级的主题,包括域截断、阻抗边界的处理和联合射线追踪与抛物方程的混合模型,后三章关于散射问题,应用于城区环境电波传播和雷达目标后向散射计算。 |
| ● |
| 相关链接 |
|
|
|
|
正题名:电磁波传播的抛物方程方法
索取号:O451/6
 
预约/预借
| 序号 | 登录号 | 条形码 | 馆藏地/架位号 | 状态 | 备注 |
| 1 | 1124094 | 211240940 | 第二样本阅览室/ [索取号:O451/6] | 在馆 | |
| 2 | 1124095 | 211240959 | 第三借阅区/ [索取号:O451/6] | 在馆 | |
| 3 | 1124096 | 211240968 | 密集书库-物理学院/ [索取号:O451/6] | 在馆 |